<?xml version="1.0" encoding="UTF-8"?>
<record
    xmlns:xsi="http://www.w3.org/2001/XMLSchema-instance"
    xsi:schemaLocation="http://www.loc.gov/MARC21/slim http://www.loc.gov/standards/marcxml/schema/MARC21slim.xsd"
    xmlns="http://www.loc.gov/MARC21/slim">

  <leader>00525nam a22001937a 4500</leader>
  <datafield tag="999" ind1=" " ind2=" ">
    <subfield code="c">2019</subfield>
    <subfield code="d">2019</subfield>
  </datafield>
  <controlfield tag="003">SLTCLib</controlfield>
  <controlfield tag="008">260604b        ce ||||| |||| 00| 0 eng d</controlfield>
  <datafield tag="020" ind1=" " ind2=" ">
    <subfield code="a">9781718503403</subfield>
  </datafield>
  <datafield tag="041" ind1=" " ind2=" ">
    <subfield code="a">English </subfield>
  </datafield>
  <datafield tag="080" ind1=" " ind2=" ">
    <subfield code="a">004.43=93</subfield>
    <subfield code="b">SWE</subfield>
  </datafield>
  <datafield tag="100" ind1=" " ind2=" ">
    <subfield code="a">Sweigart, AI</subfield>
    <subfield code="9">3562</subfield>
  </datafield>
  <datafield tag="245" ind1=" " ind2=" ">
    <subfield code="a">Automate the Boring Stuff with Python</subfield>
    <subfield code="b">Practical Programming  for Total Beginners</subfield>
  </datafield>
  <datafield tag="250" ind1=" " ind2=" ">
    <subfield code="a">3rd.</subfield>
  </datafield>
  <datafield tag="260" ind1=" " ind2=" ">
    <subfield code="b">William Pollock</subfield>
    <subfield code="c">2025</subfield>
  </datafield>
  <datafield tag="300" ind1=" " ind2=" ">
    <subfield code="a">622p.</subfield>
  </datafield>
  <datafield tag="650" ind1=" " ind2="0">
    <subfield code="9">3132</subfield>
    <subfield code="a">Programming languages</subfield>
  </datafield>
  <datafield tag="650" ind1=" " ind2="0">
    <subfield code="9">2267</subfield>
    <subfield code="a"> Python</subfield>
  </datafield>
  <datafield tag="942" ind1=" " ind2=" ">
    <subfield code="2">lcc</subfield>
    <subfield code="c">MRE</subfield>
  </datafield>
  <datafield tag="945" ind1=" " ind2=" ">
    <subfield code="a">3725</subfield>
    <subfield code="b">Ishara wickramage</subfield>
    <subfield code="c">3725</subfield>
    <subfield code="d">Ishara wickramage</subfield>
  </datafield>
  <datafield tag="952" ind1=" " ind2=" ">
    <subfield code="0">0</subfield>
    <subfield code="1">0</subfield>
    <subfield code="2">ddc</subfield>
    <subfield code="4">0</subfield>
    <subfield code="7">0</subfield>
    <subfield code="a">SLTC</subfield>
    <subfield code="b">SLTC</subfield>
    <subfield code="c">RES</subfield>
    <subfield code="d">2026-06-04</subfield>
    <subfield code="g">28863.00</subfield>
    <subfield code="o">004.43=93 SWE</subfield>
    <subfield code="p">003416</subfield>
    <subfield code="r">2026-06-04</subfield>
    <subfield code="w">2026-06-04</subfield>
    <subfield code="y">MRE</subfield>
  </datafield>
  <datafield tag="952" ind1=" " ind2=" ">
    <subfield code="0">0</subfield>
    <subfield code="1">0</subfield>
    <subfield code="2">ddc</subfield>
    <subfield code="4">0</subfield>
    <subfield code="7">0</subfield>
    <subfield code="a">SLTC</subfield>
    <subfield code="b">SLTC</subfield>
    <subfield code="c">RES</subfield>
    <subfield code="d">2026-06-04</subfield>
    <subfield code="g">28863.00</subfield>
    <subfield code="o">004.43=93 SWE</subfield>
    <subfield code="p">003415</subfield>
    <subfield code="r">2026-06-04</subfield>
    <subfield code="w">2026-06-04</subfield>
    <subfield code="y">MRE</subfield>
  </datafield>
</record>
